00414cam a22001091 4500082001700000100001900017245013600036260003100172300005600203526003700259650000800296 a923.554bINN1 aInnes, McLeod,04aThe life and times of General Sir James Browne, R.E., K.C.B., K.C.S.I. (Buster Browne) by General J.J. McLeod Innes.cMcLeod Innes  aLondon,bJ. Murray,c1905. axii,371 p.bfront., pl., ports., fold. map.c23 cm. a0b0c0d923_554000000000000_INN aMCE